[Event "Lansing (MOR/4/46)"]
[Site "?"]
[Date "1997.??.??"]
[Round "?"]
[White "Aguilar, Javier"]
[Black "Grima, Jason"]
[Result "1-0"]
[WhiteElo "1605"]
[BlackElo "1605"]
[PlyCount "51"]
[EventDate "1997.??.??"]

{4/(46)} 1. d4 Nf6 2. c4 d5 3. Nc3 dxc4 4. e3 e6 5. Bxc4 Bb4 6. Nf3 Nc6 7. O-O
Bxc3 8. bxc3 O-O 9. Qe2 Ne4 10. Bb2 Re8 11. Rfd1 Na5 12. Bd3 Ng5 13. Nxg5 Qxg5
14. f4 Qf6 15. Rf1 Qe7 16. Qh5 g6 17. Qxa5 f6 18. Rf3 b6 19. Qa3 Bb7 20. Rg3 c5
21. dxc5 bxc5 22. c4 Rad8 23. Qc3 e5 24. fxe5 fxe5 25. Rf1 e4 26. Qh8# 1-0

[Event "Lansing (MOR/2/43)"]
[Site "?"]
[Date "1997.??.??"]
[Round "?"]
[White "Aguilar, Javier"]
[Black "Ellis, Carl"]
[Result "0-1"]
[WhiteElo "1605"]
[BlackElo "1605"]
[PlyCount "98"]
[EventDate "1997.??.??"]

{2/(43)} 1. d4 d5 2. c4 dxc4 3. Nf3 Nf6 4. e3 Bg4 5. Bxc4 c6 6. Nc3 Nbd7 7. O-O
e5 8. Re1 Bb4 9. a3 Bxc3 10. bxc3 e4 11. h3 Bh5 12. g4 Bg6 13. Ne5 Nxe5 14.
dxe5 Qxd1 15. Rxd1 Nd7 16. e6 Ne5 17. exf7+ Bxf7 18. Bxf7+ Kxf7 19. a4 Rhd8 20.
Ba3 Rd3 21. Rab1 b6 22. Rxd3 Nxd3 23. Kf1 Ke6 24. Ke2 Kd5 25. f3 Kc4 26. fxe4
Kxc3 27. Bd6 Re8 28. Rd1 Nb2 29. e5 Nxd1 30. Kxd1 Kd3 31. Ke1 Kxe3 32. Kf1 Ke4
33. Ke2 Kd5 34. Ke3 Rxe5+ 35. Bxe5 Kxe5 36. h4 c5 37. h5 c4 38. Kd2 Kd4 39. Kc2
a6 40. g5 b5 41. axb5 axb5 42. Kb2 b4 43. h6 gxh6 44. gxh6 Kd3 45. Kc1 c3 46.
Kd1 b3 47. Kc1 b2+ 48. Kb1 Kd2 49. Ka2 Kc1 0-1

[Event "Lansing January Mini-Swiss.1"]
[Site "?"]
[Date "1997.01.05"]
[Round "3"]
[White "Noren, Kevin"]
[Black "Aldrich, Jeff"]
[Result "0-1"]
[WhiteElo "2292"]
[BlackElo "2033"]
[PlyCount "136"]
[EventDate "1997.??.??"]

1. e4 c6 2. d4 d5 3. exd5 cxd5 4. c4 Nf6 5. Nc3 e6 6. Nf3 Nc6 7. cxd5 Nxd5 8.
Bd3 Bb4 9. Bd2 a6 10. O-O Nf6 11. Bg5 h6 12. Be3 O-O 13. Bc2 Bd6 14. Qd2 Ng4
15. h3 Nxe3 16. Qxe3 Qc7 17. Rfe1 Bf4 18. Qd3 f5 19. Bb3 Qd6 20. Ne2 Nb4 21.
Qd1 Bg5 22. Ng3 Bd8 23. Re5 Nd5 24. Nh5 Bc7 25. Bxd5 exd5 26. Nf4 b5 27. Nxd5
Bb7 28. Nxc7 Qxc7 29. Rc5 Qd6 30. Qb3+ Kh7 31. Rd1 Rad8 32. Ne5 Bd5 33. Qg3 Be4
34. Rcc1 f4 35. Qb3 Qf6 36. f3 Bd5 37. Qa3 Rc8 38. Rc5 Rxc5 39. Qxc5 Be6 40.
Qd6 Rd8 41. Qxa6 Rxd4 42. Rxd4 Qxe5 43. Re4 Qc5+ 44. Kh2 Bxh3 45. Rxf4 Qg5 46.
g3 Bf1 47. Qe6 Bd3 48. Qe3 Qh5+ 49. Kg2 Qg6 50. Rg4 Qf5 51. Rf4 Qg6 52. Qd4 Bb1
53. Rg4 Qc2+ 54. Kh3 Qc7 55. Rf4 Bg6 56. Qc3 Qd7+ 57. Kg2 Qe6 58. Kf2 Qxa2 59.
Rd4 Qa7 60. Kg2 Qe7 61. Qd2 Qe5 62. Rd5 Qe8 63. Kf2 Qe7 64. Rxb5 Qa7+ 65. Qe3
Qd7 66. Re5 Qh3 67. Qd4 Qh2+ 68. Ke3 Qg1+ 0-1

[Event "Lansing January Mini-Swiss.1"]
[Site "?"]
[Date "1997.01.05"]
[Round "1"]
[White "Foote, Greg"]
[Black "Aldrich, Jeff"]
[Result "0-1"]
[WhiteElo "1745"]
[BlackElo "2033"]
[PlyCount "98"]
[EventDate "1997.??.??"]

1. e4 c6 2. d4 d5 3. e5 Bf5 4. f4 e6 5. Nf3 Nd7 6. Be2 Ne7 7. O-O c5 8. Be3 Nc6
9. c3 Qb6 10. b3 Rc8 11. Nbd2 Be7 12. Qe1 Qa5 13. Rc1 O-O 14. Nh4 Bxh4 15. Qxh4
cxd4 16. cxd4 Nxd4 17. Bg4 Nc2 18. Bxf5 exf5 19. Qf2 Nxe3 20. Qxe3 Qb6 21. Qxb6
Nxb6 22. Nf3 Rfe8 23. Rfd1 a6 24. Nd4 g6 25. Kf2 Kf8 26. h3 h5 27. Kg3 Ke7 28.
Kf3 Rxc1 29. Rxc1 Rc8 30. Rxc8 Nxc8 31. Ke3 Na7 32. Kd3 Nc6 33. a3 f6 34. exf6+
Kxf6 35. h4 Ke7 36. b4 Kd6 37. Nb3 b6 38. Nd4 Nxd4 39. Kxd4 Kc6 40. Ke5 Kb5 41.
Kxd5 Ka4 42. Kc4 Kxa3 43. b5 a5 44. Kc3 a4 45. g3 Ka2 46. Kc2 a3 47. Kc1 Kb3
48. Kb1 a2+ 49. Ka1 Ka3 0-1

[Event "Lansing January Mini-Swiss.1"]
[Site "?"]
[Date "1997.01.05"]
[Round "2"]
[White "Aldrich, Jeff"]
[Black "Garrison, Ray"]
[Result "1-0"]
[WhiteElo "2033"]
[BlackElo "1946"]
[PlyCount "33"]
[EventDate "1997.??.??"]

1. d4 Nf6 2. c4 e5 3. dxe5 Ng4 4. Nf3 Nc6 5. Nc3 Ngxe5 6. Nxe5 Nxe5 7. e3 Bb4
8. Bd2 O-O 9. a3 Bxc3 10. Bxc3 d6 11. Qc2 Bg4 12. h3 Qh4 13. Bxe5 dxe5 14. Qe4
f5 15. Qd5+ Kh8 16. g3 Qh6 17. hxg4 1-0

[Event "Michigan Class B"]
[Site "Grand Rapids, MI"]
[Date "1997.01.08"]
[Round "1.8"]
[White "Dorrington, Eldon"]
[Black "Sellers, Matt"]
[Result "1/2-1/2"]
[WhiteElo "1613"]
[BlackElo "1704"]
[PlyCount "154"]
[EventDate "1997.01.18"]

1. d4 Nf6 2. e3 e6 3. Bd3 d5 4. Nd2 c5 5. c3 Be7 6. f4 O-O 7. Ngf3 b6 8. O-O
Ba6 9. Ne5 Bxd3 10. Nxd3 Nc6 11. Nf3 Rc8 12. Bd2 Ne4 13. Qe2 a6 14. Rfc1 b5 15.
Nf2 Nxf2 16. Kxf2 Qb6 17. g4 Na5 18. dxc5 Bxc5 19. b4 Nc4 20. bxc5 Qxc5 21. Ne5
Rfd8 22. Nxc4 dxc4 23. Rd1 Rd3 24. Be1 Rcd8 25. Rxd3 cxd3 26. Qd2 e5 27. Kg3 e4
28. Rb1 Rc8 29. Rb4 f5 30. g5 Qb6 31. Rd4 Rc4 32. Qb2 g6 33. Rxc4 Qxe3+ 34. Kg2
Qf3+ 35. Kg1 Qg4+ 36. Qg2 Qxg2+ 37. Kxg2 bxc4 38. Bd2 Kf7 39. Kf2 Ke6 40. Ke3
Kd5 41. Bc1 Kc5 42. a4 Kd5 43. Ba3 Kc6 44. h3 Kb6 45. Bb4 Kc6 46. Ba3 Kb6 47.
Bc1 Kc5 48. Bd2 Kd5 49. Be1 Kc5 50. Bd2 Kd5 51. Kf2 Kc6 52. Be3 Kd5 53. Ke1 Kc6
54. Kd1 Kd5 55. Kc1 Kc6 56. Kb2 Kd5 57. Ka3 a5 58. Kb2 Kc6 59. Kc1 Kb7 60. Kd2
Kc6 61. Bf2 Kb7 62. Bc5 Kc6 63. Bf8 Kd5 64. Be7 Kc6 65. Bd8 Kb7 66. Bxa5 Ka6
67. Bd8 Kb7 68. Ke3 Ka6 69. Bc7 Kb7 70. Ba5 Ka6 71. Bb4 Kb6 72. Ba3 Ka5 73. Bc1
Kxa4 74. Kd4 Kb3 75. Bd2 Kc2 76. Be1 Kd1 77. Bh4 Kc2 1/2-1/2

[Event "Michigan Masters/Experts"]
[Site "Grand Rapids, MI"]
[Date "1997.01.18"]
[Round "1.4"]
[White "Wysocki, Jason"]
[Black "Kitts, Gary"]
[Result "0-1"]
[WhiteElo "2156"]
[BlackElo "2000"]
[PlyCount "120"]
[EventDate "1997.01.18"]

1. Nf3 d5 2. c4 c6 3. b3 Bf5 4. Bb2 Nf6 5. g3 h6 6. Bg2 e6 7. O-O Be7 8. Ne5
O-O 9. d4 Nbd7 10. Nd2 Rc8 11. c5 Nxe5 12. dxe5 Ne4 13. Nxe4 dxe4 14. b4 Qxd1
15. Rfxd1 Rfd8 16. Rd4 f6 17. Rad1 Kf7 18. Rxd8 Rxd8 19. Rxd8 Bxd8 20. e3 Bc7
21. Kf1 Bxe5 22. Bxe5 fxe5 23. Ke1 Ke7 24. Kd2 Kd7 25. a4 Kc7 26. Kc3 h5 27.
Kc4 Bg6 28. h3 Bf5 29. Bf1 g5 30. Be2 h4 31. g4 Bg6 32. Bd1 Bf7 33. Bc2 Bg6 34.
b5 b6 35. f3 bxc5 36. Kxc5 cxb5 37. axb5 Kb7 38. Kd6 Kb6 39. Kxe5 Kxb5 40. fxe4
a5 41. Kxe6 a4 42. Kf6 a3 43. Bb1 Bxe4 44. Ba2 Bg2 45. Kxg5 Bxh3 46. Kxh4 Bf1
47. Kg5 Bc4 48. Bb1 Kb4 49. Kf6 Kc3 50. e4 Kb2 51. Ba2 Kxa2 52. e5 Kb3 53. e6
Bxe6 54. Kxe6 a2 55. g5 a1=Q 56. Kf7 Qa7+ 57. Kf6 Qb6+ 58. Kf7 Qc7+ 59. Kf6
Qd6+ 60. Kf7 Qf4+ 0-1

[Event "Michigan Class D/E"]
[Site "Grand Rapids, MI"]
[Date "1997.01.18"]
[Round "2.1"]
[White "Worley, Ron"]
[Black "Jaskot, Allan"]
[Result "1-0"]
[WhiteElo "1352"]
[BlackElo "1302"]
[PlyCount "57"]
[EventDate "1997.01.18"]

1. e4 e6 2. d4 d5 3. Nd2 Nf6 4. e5 Nfd7 5. Bd3 c5 6. c3 cxd4 7. cxd4 Bb4 8. a3
Ba5 9. b4 Bb6 10. Nb3 Nc6 11. Be3 O-O 12. f4 a5 13. Nf3 axb4 14. Bxh7+ Kh8 15.
Ng5 g6 16. h4 Rxa3 17. h5 Rxb3 18. Qxb3 Bxd4 19. Bxd4 Nxd4 20. Qd3 Qc7 21. Qxd4
Qc3+ 22. Qxc3 bxc3 23. hxg6 Nc5 24. gxf7 Kg7 25. Bc2 Rd8 26. Rh7+ Kf8 27. Rh8+
Ke7 28. Rxd8 Nd7 29. Re8# 1-0

[Event "Michigan Masters/Experts"]
[Site "Grand Rapids, MI"]
[Date "1997.01.18"]
[Round "2.6"]
[White "Ward, Tom"]
[Black "Bailey, Greg"]
[Result "0-1"]
[WhiteElo "2270"]
[BlackElo "2000"]
[PlyCount "62"]
[EventDate "1997.01.18"]

1. e4 e6 2. d4 d5 3. Nc3 Bb4 4. e5 c5 5. a3 Bxc3+ 6. bxc3 Qc7 7. Qg4 f5 8. Qg3
cxd4 9. cxd4 Ne7 10. Bd2 O-O 11. Bd3 Nbc6 12. Ne2 Bd7 13. h4 Rac8 14. Rh3 Kh8
15. h5 f4 16. Nxf4 Nxe5 17. Rc1 Nxd3+ 18. cxd3 Qb8 19. Rxc8 Rxc8 20. Qg5 Nf5
21. g4 h6 22. Qg6 Nxd4 23. Qf7 Qd6 24. Ng6+ Kh7 25. Bxh6 Kxh6 26. g5+ Kh7 27.
Kf1 e5 28. Rh4 Qxa3 29. Kg2 Be6 30. Qxb7 Qxd3 31. h6 Qf3+ 0-1

[Event "Michigan Masters/Experts"]
[Site "Grand Rapids, MI"]
[Date "1997.01.18"]
[Round "1.2"]
[White "Ward, Tom"]
[Black "Aldrich, Jeff"]
[Result "0-1"]
[WhiteElo "2270"]
[BlackElo "2033"]
[PlyCount "74"]
[EventDate "1997.01.18"]

1. e4 c6 2. d4 d5 3. e5 Bf5 4. Nc3 e6 5. g4 Bg6 6. Nge2 c5 7. Be3 Nc6 8. dxc5
Nxe5 9. Nd4 Nc6 10. Bb5 Rc8 11. f4 Nf6 12. O-O Bxc5 13. Kh1 Bb4 14. f5 exf5 15.
Bg5 O-O 16. Bxc6 bxc6 17. Nxf5 Bxf5 18. Rxf5 Be7 19. Qf3 h6 20. Bd2 Nd7 21. Rf1
Bf6 22. Qh3 Qe7 23. Re1 Qd6 24. Bxh6 Bxc3 25. Bf4 Qxf4 26. Rxf4 Bxe1 27. g5 Ne5
28. Rf1 Bd2 29. Qf5 Ng6 30. Rd1 Rce8 31. Rxd2 Re1+ 32. Kg2 Nh4+ 33. Kf2 Nxf5
34. Kxe1 Re8+ 35. Kf2 Nd6 36. Rd4 Re5 37. h4 Re4 0-1

[Event "Michigan Beginners"]
[Site "Grand Rapids, MI"]
[Date "1997.01.18"]
[Round "2.5"]
[White "Waite, Rachel"]
[Black "Nolan, Robert"]
[Result "0-1"]
[WhiteElo "484"]
[BlackElo "921"]
[PlyCount "72"]
[EventDate "1997.01.19"]

1. e4 e5 2. Nf3 Nc6 3. Bc4 Nf6 4. Ng5 Qe7 5. Nxf7 d5 6. Nxh8 dxc4 7. Nc3 Be6 8.
O-O g5 9. d3 O-O-O 10. Bxg5 Bg7 11. Bxf6 Qxf6 12. Qe2 cxd3 13. cxd3 Nd4 14. Qd1
Bxh8 15. b3 Qf4 16. g3 Nf3+ 17. Kg2 Qg4 18. Qxf3 Qh3+ 19. Kg1 Bg7 20. Qg2 Qh6
21. f3 Bh3 22. Qb2 Bxf1 23. Kxf1 Qh3+ 24. Qg2 Qd7 25. g4 Qxd3+ 26. Qe2 Qxc3 27.
Rd1 Bf6 28. Qd2 Rxd2 29. Rxd2 Qxd2 30. a4 Bh4 31. b4 Qe1+ 32. Kg2 Bf2 33. b5
Qe2 34. a5 Be1+ 35. Kg1 Qf2+ 36. Kh1 Qf1# 0-1

[Event "Michigan Class C"]
[Site "Grand Rapids, MI"]
[Date "1997.01.18"]
[Round "3.5"]
[White "Waite, Lawrence"]
[Black "Juntunen, Michael"]
[Result "1-0"]
[WhiteElo "1426"]
[BlackElo "1463"]
[PlyCount "86"]
[EventDate "1997.01.18"]

1. e4 c6 2. d4 d5 3. exd5 cxd5 4. Nf3 Bf5 5. Nc3 e6 6. Bb5+ Nd7 7. Ne5 Ngf6 8.
g4 a6 9. Bxd7+ Nxd7 10. gxf5 Nf6 11. fxe6 fxe6 12. Bg5 Be7 13. Bxf6 Bxf6 14.
Qh5+ Ke7 15. Qf7+ Kd6 16. Qxb7 Rf8 17. Nf7+ Rxf7 18. Qxf7 Bxd4 19. Qf4+ Be5 20.
Qb4+ Kd7 21. O-O-O Qg5+ 22. Kb1 Rb8 23. Qa4+ Ke7 24. Qa3+ Kf7 25. Rd3 Qg2 26.
Rdd1 Qf3 27. Ka1 d4 28. Qc5 Kf6 29. Rhe1 Qf5 30. Rxe5 Qxe5 31. Qxd4 Rf8 32.
Qxe5+ Kxe5 33. Rf1 Kf4 34. Ne2+ Kg4 35. b4 e5 36. c4 Kf3 37. Ng3 g6 38. Re1 Re8
39. Ne4 h6 40. c5 Kg2 41. h4 h5 42. Kb2 Kh3 43. Rg1 Rg8 1-0

[Event "Michigan Class C"]
[Site "Grand Rapids, MI"]
[Date "1997.01.18"]
[Round "1.4"]
[White "Waite, Lawrence"]
[Black "Hanna, Carl"]
[Result "1-0"]
[WhiteElo "1426"]
[BlackElo "1529"]
[PlyCount "99"]
[EventDate "1997.01.18"]

1. e4 d5 2. exd5 Qxd5 3. Nc3 Qa5 4. Nf3 Nf6 5. Bc4 Bg4 6. O-O e6 7. d4 c6 8.
Re1 Bd6 9. Qd3 O-O 10. Bd2 Qh5 11. Ne5 Nbd7 12. Qg3 Nxe5 13. dxe5 Bc7 14. Bd3
Rad8 15. f4 Nd5 16. Nxd5 Rxd5 17. c4 Rd7 18. Bc3 Bb6+ 19. Kh1 Rfd8 20. Be4 Bd4
21. Bxd4 Rxd4 22. Bf3 Bxf3 23. gxf3 Rd2 24. Rg1 g6 25. Rg2 Rxg2 26. Qxg2 Rd4
27. b3 Qh6 28. Qg5 Qh3 29. Qg3 Qf5 30. Qg5 Rxf4 31. Qxf5 Rxf5 32. Rd1 Rxe5 33.
Rd7 Re2 34. a3 Kg7 35. Rxb7 a5 36. Rb6 Kf6 37. c5 Kf5 38. Rxc6 Kf4 39. Rd6 Kxf3
40. Rd3+ Ke4 41. Rc3 Rd2 42. c6 Rd8 43. b4 axb4 44. axb4 Rc8 45. b5 Kd5 46. c7
Kd6 47. b6 Kd7 48. b7 Rxc7 49. Rd3+ Kc6 50. b8=Q 1-0

[Event "Michigan Class A"]
[Site "Grand Rapids, MI"]
[Date "1997.01.18"]
[Round "2.4"]
[White "Triplett, Thomas"]
[Black "Gaiefsky, Mike"]
[Result "0-1"]
[WhiteElo "1900"]
[BlackElo "1883"]
[PlyCount "78"]
[EventDate "1997.01.18"]

1. e4 b6 2. d4 Bb7 3. Nc3 e6 4. Nf3 Nf6 5. Bd3 Bb4 6. Qe2 d5 7. e5 Ne4 8. Bd2
Nxd2 9. Qxd2 c5 10. a3 Ba5 11. O-O c4 12. Be2 b5 13. Qf4 a6 14. Nd1 Qe7 15. c3
Bd8 16. Ne3 g5 17. Qg3 h5 18. h3 Nd7 19. Nh2 Bc7 20. f4 O-O-O 21. f5 Rdg8 22.
Qe1 f6 23. fxe6 Qxe6 24. Nf5 fxe5 25. Bd1 e4 26. g4 Bf4 27. Qf2 Nf6 28. Ne3 Kb8
29. a4 hxg4 30. Bxg4 Nxg4 31. Nexg4 Rxh3 32. Qe2 Rgh8 33. Rf2 Bc8 34. Ra2 Qd6
35. axb5 axb5 36. b3 Bxg4 37. Nxg4 Rh1+ 38. Kg2 Qd7 39. bxc4 Qxg4+ 0-1

[Event "Michigan Class A"]
[Site "Grand Rapids, MI"]
[Date "1997.01.18"]
[Round "1.2"]
[White "Triplett, Thomas"]
[Black "Estlick, Laurence"]
[Result "0-1"]
[WhiteElo "1900"]
[BlackElo "1974"]
[PlyCount "88"]
[EventDate "1997.01.18"]

1. e4 e6 2. d4 d5 3. Nd2 dxe4 4. Nxe4 Nf6 5. Bd3 b6 6. Nf3 Bb7 7. Bg5 Be7 8.
Qe2 Nbd7 9. O-O h6 10. Nxf6+ Bxf6 11. Be3 O-O 12. Rad1 Qe7 13. c3 Rfd8 14. Rfe1
Rac8 15. Bb1 Nf8 16. Ne5 c5 17. Qg4 Bxe5 18. dxe5 Kh8 19. Qh5 f5 20. exf6 Qxf6
21. h4 Rd5 22. Bg5 Rxd1 23. Bxf6 Rxe1+ 24. Kh2 Kg8 25. Qg4 Rc7 26. Qg3 Rf7 27.
Be5 Rxb1 28. b3 Rb2 29. Bf4 Rf6 30. Qe3 Rxa2 31. c4 Ng6 32. Bg3 Ne7 33. Qe5 Bc8
34. Qc7 Rf7 35. Bd6 Rfxf2 36. Bxe7 Rxg2+ 37. Kh3 Rh2+ 38. Kg3 Ba6 39. Bd6 b5
40. Qe7 Rag2+ 41. Kf3 Rf2+ 42. Kg4 Rhg2+ 43. Kh3 e5 44. Bxe5 Bc8+ 0-1

[Event "Michigan Class B"]
[Site "Grand Rapids, MI"]
[Date "1997.01.18"]
[Round "3.2"]
[White "Stewart, Clinton"]
[Black "Nicolli, Randy"]
[Result "0-1"]
[WhiteElo "1662"]
[BlackElo "1769"]
[PlyCount "100"]
[EventDate "1997.01.18"]

1. e4 e6 2. d4 d5 3. e5 c5 4. Bb5+ Nc6 5. c3 a6 6. Bxc6+ bxc6 7. Nf3 a5 8. O-O
Ba6 9. Re1 Qc7 10. a4 Rb8 11. Nbd2 cxd4 12. cxd4 Bb4 13. Re3 Ne7 14. Rb3 O-O
15. Nh4 Rfc8 16. Rg3 c5 17. Qg4 g6 18. Ndf3 cxd4 19. Bh6 Kh8 20. Qg5 Ng8 21.
Qh5 Nxh6 22. Qxh6 Bf8 23. Qf4 Rxb2 24. Ng5 Kg8 25. h3 d3 26. Kh2 Bg7 27. Nhf3
h6 28. Nxe6 fxe6 29. Rxg6 Kh7 30. Rxe6 Rf8 31. Qd4 Rb4 32. Qe3 Re4 33. Rc1 Qf7
34. Qb6 Qf4+ 35. g3 Qxc1 36. Rf6 Bxf6 37. exf6 Bc8 38. Qa7+ Kg6 39. Qg7+ Kf5
40. g4+ Kf4 41. Kg2 Qh1+ 42. Kxh1 Kxf3 43. Qxf8 d2 44. Qa3+ Kxf2 45. Qc5+ d4
46. Qc2 Re2 47. f7 Bb7+ 48. Kh2 Kf3+ 49. Kg1 Rg2+ 50. Kf1 Ba6+ 0-1

[Event "Michigan Class B"]
[Site "Grand Rapids, MI"]
[Date "1997.01.18"]
[Round "1.4"]
[White "Stewart, Clinton"]
[Black "Hazzard, Bill"]
[Result "1-0"]
[WhiteElo "1662"]
[BlackElo "1742"]
[PlyCount "73"]
[EventDate "1997.01.18"]

1. e4 d6 2. d4 Nf6 3. Nc3 c6 4. Be2 g6 5. Bf4 Bg7 6. Nf3 O-O 7. Qd2 Re8 8.
O-O-O Qa5 9. Bc4 e5 10. dxe5 dxe5 11. Bxe5 Rxe5 12. Nxe5 Qxe5 13. Qd8+ Bf8 14.
Qxc8 b5 15. Bxf7+ Kxf7 16. Qb7+ Ke6 17. f3 b4 18. Ne2 c5 19. Qxa8 Qc7 20. Rd3
c4 21. Nd4+ Kf7 22. Rdd1 c3 23. Nb5 Qb6 24. e5 Qe3+ 25. Kb1 Qxe5 26. Qxa7+ Kg8
27. Qb7 cxb2 28. Rhe1 Qxh2 29. Qc8 Qg3 30. Qe6+ Kg7 31. Rd8 Nbd7 32. Rd1 Nc5
33. Qe3 Be7 34. R8d4 Na4 35. Qe6 Kf8 36. Rxb4 Bxb4 37. Qxf6+ 1-0

[Event "Michigan Class D/E"]
[Site "Grand Rapids, MI"]
[Date "1997.01.18"]
[Round "3.2"]
[White "Spangler, Richard"]
[Black "Parker, Harvard"]
[Result "1-0"]
[WhiteElo "1334"]
[BlackElo "1295"]
[PlyCount "143"]
[EventDate "1997.01.18"]

1. d4 Nf6 2. Nf3 c5 3. c3 e6 4. Nbd2 d5 5. e3 Nc6 6. Bd3 Qb6 7. O-O Bd6 8. e4
cxd4 9. cxd4 dxe4 10. Nxe4 Be7 11. Bc2 Nxe4 12. Bxe4 O-O 13. Rb1 Rd8 14. Be3
Qa5 15. a3 e5 16. d5 Bg4 17. Qb3 Bxf3 18. Bxf3 Nd4 19. Bxd4 exd4 20. Qxb7 Bd6
21. Qb3 Re8 22. Qd3 Qc7 23. g3 Bc5 24. d6 Qxd6 25. Bxa8 Rxa8 26. Rbc1 Re8 27.
Rfe1 Rxe1+ 28. Rxe1 g6 29. Qe4 Bb6 30. Qe8+ Kg7 31. Qe5+ Qxe5 32. Rxe5 Kf6 33.
Re1 Kf5 34. Kf1 d3 35. f3 Bd4 36. Rd1 Bxb2 37. Rxd3 Ke5 38. Ke2 Bd4 39. Rb3 h5
40. h4 Bb6 41. Kd3 Bf2 42. Rb5+ Ke6 43. Rg5 Kd6 44. Ke4 Ke6 45. f4 Kf6 46. Kf3
Bb6 47. Rb5 Bc7 48. a4 Bb6 49. a5 Bd4 50. a6 Bg1 51. g4 hxg4+ 52. Kxg4 Be3 53.
f5 Bf2 54. h5 gxh5+ 55. Kxh5 Bd4 56. Kg4 Bg1 57. Kf3 Bd4 58. Ke4 Bg1 59. Kd3
Bf2 60. Kc4 Bg1 61. Rb7 Kxf5 62. Rxf7+ Ke6 63. Rg7 Be3 64. Kb5 Kd6 65. Rg6+ Kc7
66. Re6 Bb6 67. Rc6+ Kb8 68. Kc4 Bc7 69. Kd5 Kc8 70. Rc2 Kb8 71. Kc6 Bd8 72.
Rg2 1-0

[Event "Michigan Class C"]
[Site "Grand Rapids, MI"]
[Date "1997.01.18"]
[Round "1.5"]
[White "Smith, Lester"]
[Black "Nolan, Brian"]
[Result "0-1"]
[WhiteElo "1515"]
[BlackElo "1419"]
[PlyCount "84"]
[EventDate "1997.01.18"]

1. e4 c5 2. c3 d6 3. Nf3 Nf6 4. Bc4 Nxe4 5. Qa4+ Bd7 6. Bxf7+ Kxf7 7. Qxe4 Nc6
8. Ng5+ Ke8 9. Qd5 e6 10. Nxe6 Qe7 11. O-O Qxe6 12. Qh5+ Kd8 13. Na3 a6 14. d3
Qg6 15. Qf3 Be7 16. Bf4 Rf8 17. Qe3 Kc7 18. Bg3 b6 19. Nc4 Kb7 20. Rad1 Bg5 21.
Nxd6+ Qxd6 22. Bxd6 Bxe3 23. Bxf8 Rxf8 24. fxe3 Rxf1+ 25. Rxf1 Be6 26. d4 Bxa2
27. Rf5 cxd4 28. cxd4 Be6 29. Rg5 Nb4 30. Rxg7+ Kb8 31. Re7 Bc4 32. e4 Nd3 33.
d5 Nxb2 34. d6 Kc8 35. e5 Kd8 36. Kf2 b5 37. Ke1 a5 38. Kd2 a4 39. Ra7 b4 40.
Kc2 a3 41. Kb1 Nd1 42. Ra4 Nc3+ 0-1

[Event "Michigan Class C"]
[Site "Grand Rapids, MI"]
[Date "1997.01.18"]
[Round "3.4"]
[White "Smith, Lester"]
[Black "Crysler, Jerry"]
[Result "1-0"]
[WhiteElo "1515"]
[BlackElo "1416"]
[PlyCount "151"]
[EventDate "1997.01.18"]

1. e4 d6 2. Nc3 Nf6 3. Bc4 g6 4. d4 Bg7 5. Nf3 O-O 6. h3 b6 7. O-O Bb7 8. Bf4
Nxe4 9. Nxe4 Bxe4 10. c3 d5 11. Bb3 Nd7 12. Ng5 Nf6 13. Re1 c6 14. Rc1 Bf5 15.
Re3 Nh5 16. Be5 e6 17. Nf3 Bh6 18. g4 Bxe3 19. fxe3 Be4 20. gxh5 Bxf3 21. Qxf3
Qg5+ 22. Kf2 f5 23. Rg1 Qh4+ 24. Bg3 Qe4 25. Qxe4 fxe4+ 26. Ke2 g5 27. h4 Rf5
28. Bf4 h6 29. hxg5 hxg5 30. Bxg5 Kh7 31. Bf4 Rxh5 32. Kd2 Rg8 33. Rxg8 Kxg8
34. Bd1 Rh7 35. Bg4 Kf7 36. Be2 b5 37. Kc2 Rh8 38. Kb3 Rg8 39. a4 a6 40. Kb4
Rg2 41. Bh5+ Ke7 42. b3 Rc2 43. a5 Kd7 44. Bg6 Rg2 45. Bh5 Ra2 46. Bg4 Ra1 47.
Be2 Rc1 48. c4 Rc2 49. Bf1 Rf2 50. Bh3 bxc4 51. bxc4 Rb2+ 52. Kc3 Rb7 53. cxd5
cxd5 54. Bf1 Ra7 55. Kb4 Kc6 56. Bh3 Rb7+ 57. Ka4 Re7 58. Bg4 Re8 59. Bh5 Rc8
60. Kb4 Kd7 61. Be2 Ra8 62. Kc5 Rc8+ 63. Kb6 Rc6+ 64. Kb7 Rc4 65. Kxa6 Kc6 66.
Bxc4 dxc4 67. Bg3 c3 68. Be1 c2 69. Bd2 Kc7 70. Kb5 Kb7 71. Kc5 Ka6 72. Kd6
c1=Q 73. Bxc1 Kxa5 74. Kxe6 Kb6 75. d5 Kc7 76. Ke7 1-0

[Event "Michigan Class D/E"]
[Site "Grand Rapids, MI"]
[Date "1997.01.18"]
[Round "2.11"]
[White "Smalec, Joseph"]
[Black "Mitchell, Dave"]
[Result "0-1"]
[WhiteElo "1092"]
[BlackElo "1184"]
[PlyCount "88"]
[EventDate "1997.01.18"]

1. g4 g6 2. h3 Bg7 3. Bg2 c6 4. d4 d6 5. e4 Nd7 6. Be3 Nb6 7. Nc3 Nf6 8. Qd3
O-O 9. O-O-O Bd7 10. Nge2 e6 11. f4 d5 12. e5 Ne8 13. b3 a5 14. a4 Nc7 15. g5
Qe7 16. Nb1 Rfc8 17. c3 Na6 18. Bd2 c5 19. dxc5 Nxc5 20. Qc2 Nbxa4 21. Be3 Nb6
22. h4 Bc6 23. h5 Nxb3+ 24. Qxb3 Ba4 25. Qxb6 Bxd1 26. Kxd1 a4 27. Bc1 Rc6 28.
Qb5 Rca6 29. Ba3 Qc7 30. Kc2 Rb6 31. Qd3 Bf8 32. Bxf8 Kxf8 33. Na3 Qc5 34. Rb1
Rxb1 35. Nxb1 a3 36. Nxa3 Qxa3 37. hxg6 Qa2+ 38. Kd1 Qa1+ 39. Nc1 Qa4+ 40. Kd2
Qxf4+ 41. Qe3 Qxe3+ 42. Kxe3 hxg6 43. Kd4 b6 44. c4 Ra4 0-1

[Event "Michigan Class A"]
[Site "Grand Rapids, MI"]
[Date "1997.01.18"]
[Round "3.3"]
[White "Skidmore, Mike"]
[Black "June, Brian"]
[Result "1-0"]
[WhiteElo "1972"]
[BlackElo "1833"]
[PlyCount "93"]
[EventDate "1997.01.18"]

1. e4 c5 2. Nf3 Nc6 3. Bb5 d6 4. O-O Bd7 5. c3 Nf6 6. d3 g6 7. Ng5 Bg7 8. f4
Qb6 9. Bc4 e6 10. f5 Ne5 11. fxe6 fxe6 12. Bxe6 O-O-O 13. Bxd7+ Kxd7 14. Nd2 h6
15. Ngf3 c4+ 16. d4 Rc8 17. h3 Rhf8 18. Qa4+ Qc6 19. Qxc6+ Nxc6 20. Nh4 Ne7 21.
Nhf3 Nh5 22. e5 d5 23. Re1 Nf4 24. Nf1 Nd3 25. Re2 Ke6 26. Ne1 Nf4 27. Bxf4
Rxf4 28. Nf3 Rcf8 29. b3 cxb3 30. axb3 Nc6 31. b4 a6 32. N1d2 R8f7 33. Nb3 Rc7
34. Nc5+ Ke7 35. Rb2 Nd8 36. b5 Ne6 37. Nxe6 Kxe6 38. bxa6 bxa6 39. Rxa6+ Kf5
40. Re2 h5 41. Re3 Re4 42. Rd3 Re2 43. Nh4+ Ke4 44. Rf3 Bh6 45. Rxg6 Bd2 46.
Nf5 Rd7 47. Ng3# 1-0

[Event "Michigan Class A"]
[Site "Grand Rapids, MI"]
[Date "1997.01.18"]
[Round "1.1"]
[White "Skidmore, Mike"]
[Black "Eckert, William"]
[Result "0-1"]
[WhiteElo "1972"]
[BlackElo "1909"]
[PlyCount "76"]
[EventDate "1997.01.18"]

1. e4 g6 2. Bc4 d6 3. Nf3 Bg7 4. c3 Nf6 5. d3 O-O 6. O-O Nbd7 7. h3 a6 8. Re1
b5 9. Bb3 Bb7 10. Nbd2 c5 11. Nf1 e5 12. Bg5 Qc7 13. Qd2 c4 14. Bc2 Nc5 15. Ng3
cxd3 16. Bxd3 d5 17. exd5 Nxd3 18. Qxd3 Nxd5 19. Qd2 Nf4 20. Bxf4 exf4 21. Ne2
Bxf3 22. gxf3 Be5 23. Nd4 Rad8 24. Rad1 Rfe8 25. Re2 Qd7 26. Rde1 f6 27. Kg2
Qd5 28. a3 a5 29. b4 axb4 30. axb4 Rc8 31. Qd3 Rc4 32. Ra1 Rec8 33. Qe4 Qxe4
34. Rxe4 Rxc3 35. Nxb5 Rb3 36. Ra7 Rb1 37. Na3 Ra1 38. Nb5 Rd1 0-1

[Event "Michigan Class A"]
[Site "Grand Rapids, MI"]
[Date "1997.01.18"]
[Round "2.3"]
[White "Skidmore, Mike"]
[Black "Croel, Duane"]
[Result "1-0"]
[WhiteElo "1972"]
[BlackElo "1821"]
[PlyCount "45"]
[EventDate "1997.01.18"]

1. e4 c5 2. Nf3 d6 3. Bb5+ Nc6 4. O-O Bd7 5. c3 g6 6. d4 cxd4 7. cxd4 Bg7 8.
Re1 Nf6 9. e5 dxe5 10. dxe5 Nxe5 11. Rxe5 Bxb5 12. Qe1 Bc6 13. Bd2 Ne4 14. Rxe4
Bxe4 15. Qxe4 Bxb2 16. Bc3 Bxa1 17. Bxa1 O-O 18. Nc3 Qd7 19. Nd5 Rfe8 20. Qd4
f6 21. Nxf6+ exf6 22. Qxd7 Rad8 23. Qa4 1-0

[Event "Michigan Class B"]
[Site "Grand Rapids, MI"]
[Date "1997.01.18"]
[Round "2.6"]
[White "Sellers, Matt"]
[Black "Griffin, John"]
[Result "1-0"]
[WhiteElo "1704"]
[BlackElo "1625"]
[PlyCount "117"]
[EventDate "1997.01.18"]

1. e4 c5 2. Nf3 Nc6 3. d4 cxd4 4. Nxd4 Nf6 5. Nc3 e5 6. Ndb5 d6 7. Bg5 a6 8.
Na3 b5 9. Nd5 Be7 10. Bxf6 Bxf6 11. c3 Bg5 12. Nc2 O-O 13. Be2 Ne7 14. Ncb4
Nxd5 15. Nxd5 Bb7 16. O-O Rc8 17. a4 Bxd5 18. Qxd5 bxa4 19. Rxa4 Rc5 20. Qa2 a5
21. Ra1 Qb6 22. Bc4 Qc7 23. b3 g6 24. Rxa5 Rxa5 25. Qxa5 Qxa5 26. Rxa5 Bd2 27.
Rd5 Bxc3 28. Rxd6 Ra8 29. g3 Ra7 30. Kg2 Kf8 31. Rd3 Bd4 32. Rd2 f6 33. Kf3 Ke7
34. Ke2 Kd6 35. f4 Ke7 36. Kf3 Ra1 37. Rc2 Ra7 38. b4 exf4 39. gxf4 h5 40. b5
Kd6 41. Bd5 Ra3+ 42. Kg2 Rc3 43. Rxc3 Bxc3 44. Bf7 Kc5 45. Bxg6 h4 46. Be8 Bd4
47. Kf3 Kd6 48. Kg4 Be3 49. Kf5 Bd4 50. Bc6 Ke7 51. e5 fxe5 52. fxe5 Kf7 53.
Ke4 Bb6 54. Bd5+ Ke7 55. Kf5 Kd7 56. Kf6 Bd8+ 57. Kf7 Bg5 58. b6 Bd8 59. b7 1-0